|
|
|
|
| LEADER |
00000cam a22000004a 4500 |
| 001 |
musev2_81563 |
| 003 |
MdBmJHUP |
| 005 |
20230905052355.0 |
| 006 |
m o d |
| 007 |
cr||||||||nn|n |
| 008 |
011006s1999 wau o 00 0 eng d |
| 020 |
|
|
|a 9780295997643
|
| 020 |
|
|
|z 9780295978246
|
| 035 |
|
|
|a (OCoLC)930704034
|
| 040 |
|
|
|a MdBmJHUP
|c MdBmJHUP
|
| 100 |
1 |
|
|a McElroy, Colleen J.
|
| 245 |
1 |
0 |
|a Over the Lip of the World :
|b Among the Storytellers of Madagascar /
|c Colleen J. McElroy
|
| 264 |
|
1 |
|a Seattle, Wa. :
|b University of Washington Press,
|c 1999
|
| 264 |
|
3 |
|a Baltimore, Md. :
|b Project MUSE,
|c 2021
|
| 264 |
|
4 |
|c ©1999
|
| 300 |
|
|
|a 1 online resource (250 pages):
|b illustrations (some color), maps ;
|
| 336 |
|
|
|a text
|b txt
|2 rdacontent
|
| 337 |
|
|
|a computer
|b c
|2 rdamedia
|
| 338 |
|
|
|a online resource
|b cr
|2 rdacarrier
|
| 500 |
|
|
|a "A Samuel and Althea Stroum book."
|
| 588 |
|
|
|a Description based on print version record.
|
| 650 |
|
7 |
|a Storytelling
|2 fast
|0 (OCoLC)fst01134169
|
| 650 |
|
7 |
|a Oral tradition
|2 fast
|0 (OCoLC)fst01047117
|
| 650 |
|
7 |
|a Mythology, Malagasy
|2 fast
|0 (OCoLC)fst01031854
|
| 650 |
|
4 |
|a Mythology, Malagasy
|
| 650 |
|
4 |
|a Storytelling
|z Madagascar
|
| 650 |
|
4 |
|a Oral tradition
|z Madagascar
|
| 650 |
|
0 |
|a Mythology, Malagasy.
|
| 650 |
|
0 |
|a Storytelling
|z Madagascar.
|
| 650 |
|
0 |
|a Oral tradition
|z Madagascar.
|
| 651 |
|
7 |
|a Madagascar
|2 fast
|0 (OCoLC)fst01209332
|
| 655 |
|
7 |
|a Electronic books.
|2 local
|
| 710 |
2 |
|
|a Project Muse.
|e distributor
|
| 830 |
|
0 |
|a Book collections on Project MUSE.
|
| 856 |
4 |
0 |
|z Texto completo
|u https://projectmuse.uam.elogim.com/book/81563/
|
| 945 |
|
|
|a Project MUSE - Custom Collection
|